000 00648nam a2200181Ia 4500
008 100921s9999 xx 000 0 und d
082 _b21879
_a891.463 थ 89
100 _aकर्णिक हेमन्र.
245 _aसागरी संघर्ष.
260 _bआषिश प्रकाशन,.
_c1989
300 _a164
_bशब्दाली एंटरप्रायजेस्र
365 _b50
520 _aललित-कादंबरी.
630 _aसागरी संघर्ष.
650 _aललित-कादंबरी.
730 _aसागरी संघर्ष.
942 _cBOOK
999 _c770992
_d770989